000 00419nam a2200169Ia 4500
005 20250423095048.0
008 250422s9999 xx 000 0 und d
020 _a0071454241
050 _aTK 5102 .9 .A58/
100 _aAntoniou, Andreas
245 0 _aDigital signal processing
260 _bMCGraw- Hill
260 _c2006
300 _a965 p
650 _aSignal processing- digital techniques
942 _cBK
999 _c29126
_d29126